书目信息 |
| 题名: |
世界名车大观:英法专集
|
|
| 作者: | 群言出版社 | |
| 分册: | ||
| 出版信息: | 北京 群言出版社 1993.05 |
|
| 页数: | 48页 | |
| 开本: | 16开 | |
| 丛书名: | ||
| 单 册: | ||
| 中图分类: | U462.2 | |
| 科图分类: | ||
| 主题词: | 汽车工程 | |
| 电子资源: | ||
| ISBN: | 7-80080-090-3 | |
| 000 | 00562nam0 2200193 45 | |
| 001 | 0006111511 | |
| 005 | 20000612112156.2 | |
| 010 | @a7-80080-090-3@d12.00元 | |
| 100 | @a20000611d1993 km y0chiy0120 ea | |
| 101 | 0 | @achi |
| 105 | @a z 000yy | |
| 200 | 1 | @a世界名车大观:英法专集@AShi Jie Ming Che Da Guan:Ying Fa Zhuan Ji@f群言出版社@FQun Yan Chu Ban She |
| 210 | @a北京@c群言出版社@d1993.05 | |
| 215 | @a48页@d16开 | |
| 606 | 0 | @a汽车工程 |
| 690 | @aU462.2@v3 | |
| 701 | 0 | @a群言出版社 |
| 801 | @aCN@bPftUser@c20000611 | |
| 905 | @dU462.2@eQ:779/4@b204217@f1 | |
| 世界名车大观:英法专集/群言出版社.-北京:群言出版社,1993.05 |
| 48页;16开 |
| ISBN 7-80080-090-3:12.00元 |
| ● |
| 相关链接 |
|
|
|
正题名:世界名车大观:英法专集
索取号:U462.2/Q:779/4
 
预约/预借
| 序号 | 登录号 | 条形码 | 馆藏地/架位号 | 状态 | 备注 |
| 1 | 204217 | 202042173 | 自科库501/501自科库 56排1列1层/ [索取号:U462.2/Q:779/4] | 在馆 |